Paristhithi niyamangal (Malayalam) Environmental laws (Record no. 42445)

MARC details
000 -LEADER
fixed length control field 00343nam a2200121Ia 4500
020 ## - INTERNATIONAL STANDARD BOOK NUMBER
ISBN 8176383056
082 ## - DEWEY DECIMAL CLASSIFICATION NUMBER
Classification number 349.6
Item number LOH
100 ## - MAIN ENTRY--AUTHOR NAME
Personal name Lohithakshan, A K
245 #0 - TITLE STATEMENT
Title Paristhithi niyamangal (Malayalam) Environmental laws
260 ## - PUBLICATION, DISTRIBUTION, ETC. (IMPRINT)
Place of publication Trivandrum
Name of publisher Kerala Bhasha Institute
Year of publication 2002
942 ## - ADDED ENTRY ELEMENTS (KOHA)
Koha item type Books
Holdings
Withdrawn status Lost status Damaged status Not for loan Home library Current library Date acquired Cost, normal purchase price Full call number Accession Number Koha item type
        RRII Library RRII Library 16/12/2021 80.00 349.6 LOH 22717 Books